Catálogo

COMPUTACION GRAFICAS Y MECANICAS (Registro nro. 4634)

Detalles MARC
000 -LEADER
fixed length control field 00458nam a2200169 a 4500
001 - CONTROL NUMBER
control field 4634
005 - DATE AND TIME OF LATEST TRANSACTION
control field 20180713184514.0
008 - FIXED-LENGTH DATA ELEMENTS--GENERAL INFORMATION
fixed length control field 140415s1964 000 0 spa d
041 ## - LANGUAGE CODE
Language code of text/sound track or separate title spa
082 ## - DEWEY DECIMAL CLASSIFICATION NUMBER
Classification number 511.5
Item number LIP
100 1# - MAIN ENTRY--PERSONAL NAME
Personal name LIPKA, JOSEPH
245 10 - TITLE STATEMENT
Title COMPUTACION GRAFICAS Y MECANICAS
260 ## - PUBLICATION, DISTRIBUTION, ETC.
Place of publication, distribution, etc. [s.l.] :
Name of publisher, distributor, etc. CEC,
Date of publication, distribution, etc. 1964
300 ## - PHYSICAL DESCRIPTION
Extent 312
650 14 - SUBJECT ADDED ENTRY--TOPICAL TERM
Topical term or geographic name entry element GRAFICOS POR COMPUTADOR
General subdivision INGENIERIA
-- GRAFICOS
700 1# - ADDED ENTRY--PERSONAL NAME
Personal name AYALA Z., IGNACIO
Relator term tr.
Existencias
Withdrawn status Lost status Source of classification or shelving scheme Damaged status Not for loan Collection code Home library Current library Shelving location Date acquired Source of acquisition Inventory number Total Checkouts Full call number Barcode Date last seen Price effective from Koha item type
    Dewey Decimal Classification     General Biblioteca Karol Wojtyla Biblioteca Karol Wojtyla Sala general 03/12/2013 Compra 151000000000000000037057   511.5 LIP 16155 05/01/2026 03/12/2013 Libro
    Dewey Decimal Classification     General Biblioteca Karol Wojtyla Biblioteca Karol Wojtyla Sala general 03/12/2013 Compra 151000000000000000037058   511.5 LIP 50733 05/01/2026 03/12/2013 Libro